MARC details
| 000 -LÍDER |
| campo de controle de tamanho fixo |
02166nam a22003257a 4500 |
| 001 - NÚMERO DE CONTROLE |
| campo de controle |
333 |
| 003 - IDENTIFICADOR DO NÚMERO DE CONTROLE |
| campo de controle |
OSt |
| 005 - DATA E HORÁRIO DA ÚLTIMA TRANSAÇÃO |
| campo de controle |
20250528074018.0 |
| 008 - CAMPO DE DADOS FIXOS--INFORMAÇÃO GERAL |
| campo de controle de tamanho fixo |
250328b |||||||e |||| 00| f eng d |
| 040 ## - FONTE DA CATALOGAÇÃO |
| Idioma da catalogação |
por |
| 041 ## - CÓDIGO DE IDIOMA |
| Código do idioma do original e/ou traduções intermediárias do texto |
ita |
| Código do idioma do texto/trilha sonora ou título diferente |
por |
| 082 ## - CDD - CLASSIFICAÇÃO DECIMAL DE DEWEY |
| Número de Classificação |
853 |
| Número do exemplar |
M237p |
| 100 1# - ENTRADA PRINCIPAL--NOME PESSOAL |
| Nome pessoal |
Malaparte, Curzio. |
| Datas associadas ao nome |
1898-1957. |
| 9 (RLIN) |
687 |
| 240 ## - TÍTULO UNIFORME |
| Título uniforme |
La Pelle |
| 245 ## - TÍTULO |
| Título |
A pele / |
| Indicação de responsabilidade, etc. |
Malaparte, Curzio ; Tradução de Alexandre O'Neill |
| 260 ## - PUBLICAÇÃO, DISTRIBUIÇÃO, ETC. |
| Local de publicação, distribuição, etc. |
São Paulo |
| Nome do editor, distribuidor, etc. |
Abril |
| Data da publicação, distribuição, etc. |
1972 |
| 300 ## - DESCRIÇÃO FÍSICA |
| Extensão |
369 p. |
| 490 1# - TÍTULO DA SÉRIE |
| Título da série |
Os Imortais da Literatura Universal |
| 520 ## - NOTA DE RESUMO, ETC. |
| Resumo, etc. |
“Eram os dias da “peste” de Nápoles.”<br/><br/>“A miséria dos tempos, a desordem pública, a grande mortalidade, a avidez dos especuladores, a incúria das autoridades e a corrupção geral eram tais, que, sepultarem cristãmente um morto se tornara coisa praticamente impossível, só permitida a poucos privilegiados. Levar um morto para Poggioreale, num carro puxado por um burro, custava dez mil, quinze mil liras. E como ainda se estava nos primeiros meses da ocupaçção aliada, e o povinho não tivera ainda tempo de ganhar algum dinheiro com os negócios ilícitos do mercado negro, a plebe não podia entregar-se ao luxo de dar aos seus mortos sepultura cristã, de que eram dignos, apesar da sua pobreza. Os cadáveres ficavam cinco, dez e mesmo quinze dias nas casas, à espera do carro do lixo. Decompunham-se lentamente sobre as camas, na quente e fumarenta luz das velas, ouvindo as vozes dos parentes, o ferver da água na cafeteira e da panela de feijão no fogareiro aceso no meio do quarto, os gritos dos meninos que, todos nus, brincavam no chão, e o gemido dos velhos sentados nos vasos, no cheiro quente e persistente dos excrementos, semelhante ao que desprendem os mortos já em plena decomposição.”<br/><br/> |
| 650 #0 - ASSUNTO--TERMO TÓPICO |
| Cabeçalho tópico ou nome geográfico |
Literatura italiana |
| 9 (RLIN) |
164 |
| 650 #0 - ASSUNTO--TERMO TÓPICO |
| Cabeçalho tópico ou nome geográfico |
Desigualdade social |
| 9 (RLIN) |
604 |
| 650 #0 - ASSUNTO--TERMO TÓPICO |
| Cabeçalho tópico ou nome geográfico |
Crítica social |
| 9 (RLIN) |
514 |
| 650 #0 - ASSUNTO--TERMO TÓPICO |
| Cabeçalho tópico ou nome geográfico |
Segunda Guerra Mundial, |
| 9 (RLIN) |
649 |
| 650 #0 - ASSUNTO--TERMO TÓPICO |
| Cabeçalho tópico ou nome geográfico |
Clássicos |
| 9 (RLIN) |
77 |
| 655 #0 - TERMO DE ÍNDICE--GÊNERO E FORMA |
| Gênero/forma/ou termo foco |
Romance |
| 655 #0 - TERMO DE ÍNDICE--GÊNERO E FORMA |
| Gênero/forma/ou termo foco |
Ficção |
| 700 ## - ENTRADA ADICIONADA - NOME PESSOAL |
| Nome pessoal |
Alexandre O'Neill |
| Função do autor por extenso |
TRADUTOR |
| Datas associadas ao nome |
1924- 1986 |
| 9 (RLIN) |
688 |
| 830 ## - ENTRADA SECUNDÁRIA DE SÉRIE--TÍTULO UNIFORME |
| Título uniforme |
Os Imortais da Literatura Universal |
| 9 (RLIN) |
461 |
| Número do volume ou designação sequencial da série |
vol. 46 |
| 942 ## - ELEMENTOS DE ENTRADA ADICIONADOS (KOHA) |
| Fonte de classificação ou esquema de arquivamento |
Classificação decimal de Dewey |
| Ocultar no OPAC |
Não |
| Tipo de material Koha |
Livros |